000 00379cam a2200145ua 4500
041 _aeng
_h
082 _a822
_bSHA/MI
100 _aShakespeare, William.
245 _aMidsummer night`s dream /
_cWilliam Shakespeare.
_hTextual Documents
260 _aLondon :
_bOxford at the Clarendon Press ,
_c1956.
300 _a192 ; .
504 _a
942 _cBK
999 _c5872
_d5872